Race equality (Record no. 70267)
[ view plain ]
| 000 -LEADER | |
|---|---|
| fixed length control field | 00847cam a2200205 4500 |
| 001 - CONTROL NUMBER | |
| control field | WB3818-17 |
| 008 - FIXED-LENGTH DATA ELEMENTS--GENERAL INFORMATION | |
| fixed length control field | 020516n2002 000 0 eng u |
| 035 ## - SYSTEM CONTROL NUMBER | |
| System control number | (Sirsi) u117983 |
| 245 ## - TITLE STATEMENT | |
| Title | Race equality |
| 260 ## - PUBLICATION, DISTRIBUTION, ETC. | |
| Date of publication, distribution, etc. | 2002 |
| 490 ## - SERIES STATEMENT | |
| Series statement | Inside Housing |
| Volume/sequential designation | 10 May 2002, 5(1) |
| 520 ## - SUMMARY, ETC. | |
| Summary, etc. | Chair of the Race and Housing Inquiry Leroy Phillips says it will take up to three years for housing associations to come up to standard on racial equality issues. New code of practice is aimed at RSLs to deliver the Housing Corporation's standards on equality. For the equality code: http://www.housing.org.uk/uploads/documents/7/race_code.pdf |
| 590 ## - LOCAL NOTE (RLIN) | |
| Local note | WB |
| 650 ## - SUBJECT ADDED ENTRY--TOPICAL TERM | |
| Topical term or geographic name entry element | RACE AND HOUSE INQUIRY |
| 650 ## - SUBJECT ADDED ENTRY--TOPICAL TERM | |
| Topical term or geographic name entry element | HOUSING ASSOCIATIONS |
| 650 ## - SUBJECT ADDED ENTRY--TOPICAL TERM | |
| Topical term or geographic name entry element | RACIAL EQUALITY |
| 650 ## - SUBJECT ADDED ENTRY--TOPICAL TERM | |
| Topical term or geographic name entry element | HOUSING CORPORATION |
| 690 ## - LOCAL SUBJECT ADDED ENTRY--TOPICAL TERM (OCLC, RLIN) | |
| Topical term or geographic name as entry element | Affordable housing |
| 9 (RLIN) | 6215 |
| 942 ## - ADDED ENTRY ELEMENTS (KOHA) | |
| Suppress in OPAC | 0 |
| Withdrawn status | Lost status | Source of classification or shelving scheme | Damaged status | Not for loan | Home library | Current library | Shelving location | Date acquired | Total Checkouts | Full call number | Barcode | Date last seen | Copy number | Price effective from | Koha item type |
|---|---|---|---|---|---|---|---|---|---|---|---|---|---|---|---|
| Dewey Decimal Classification | London | London | News article | 16/05/2002 | WB3818-17 | 117983-1001 | 06/08/2019 | 1 | 06/08/2019 | News article |